000 00423 a2200133 4500
245 _aAtlas of the biblical world
_hatlas
020 _a0517383578
650 _aProgramming
005 20191021100106.0
260 _anyu
_bGreenwich House
_c1982
084 _aG2230 .R47 1982
300 _a1 atlas (224 p.) : ill. (some col.), col. maps
_b 3
_c1 atlas (224 p.) : ill. (some col.), col. maps ; 3
500 _aby Joseph Rhymer.
999 _c13061
_d13061